Maillots retirés par les Boston Celtics - Statistiques

Statistiques générales
  • Ce quiz a été pris 24 fois
  • Le résultat moyen est 24 sur 49
Statistiques - réponses
Hint Réponse % Correct
Bill Russell
95%
Larry Bird
95%
Kevin Garnett
89%
Paul Pierce
84%
fondateur 1968 1
74%
entraîneur 1985 2
74%
Joueur 1991 3
74%
Joueur 1982 10
68%
Joueur 1963 14
68%
Joueur/entraîneur 1972 6
68%
Kevin McHale
68%
Joueur 1966 21
63%
Joueur 1994 32
63%
Joueur 1993 33
63%
Joueur 2018 34
63%
Joueur 2022 5
63%
Bob Cousy
63%
Joueur/entraîneur 1966 15
58%
Joueur 1973 16
58%
Joueur 1978 17
58%
Joueur/entraîneur 1981 18
58%
Joueur 1976 19
58%
Joueur 1965 23
58%
Joueur 1969 24
58%
Joueur/entraîneur 1967 25
58%
Joueur 2003 31
58%
John Havlicek
58%
K.C. Jones
58%
Sam Jones
58%
Joueur 1963 22
53%
Joueur 1995 35
53%
Robert Parish
53%
Joueur 1998 00
42%
Jo Jo White
42%
Arnold Auerbach
37%
Dave Cowens
37%
Dennis Johnson
37%
Cedric Maxwell
21%
Reggie Lewis
21%
Tom Heinsohn
21%
Tom Sanders
16%
Bill Sharman
11%
Frank Ramsey
11%
Jim Loscutoff
5%
Don Nelson
5%
Ed Macauley
5%
commentateur / Johnny Most
5%
Joueur 1977 LOSCY
5%
Walter Brown
5%
Aucun quiz correspondant
Distribution des résultats
% des personnes avec chaque résultat
Percentile par nombre de réponses
Votre historique - résultats
Vous n’avez pas pris ce quiz